000 00855nam a2200265Ia 4500
001 19727
003 DO-CoUTE
005 20260204212622.0
008 220104s9999 dr 000 0 spa d
020 _a978-958-8844-93-0
040 _aDO-CoUTE
_bspa
_cDO-CoUTE
041 0 _aspa
082 _a378.0072 M843m
100 1 _aMoreno Fernández, Patricia Judith
245 1 0 _aManual de investigación en educación:talleres de trabajo / Patricia Judith Moreno Fernández
260 _aBogotá, Colombia : Editorial Unisalle
300 _a189 páginas
650 4 _aEducación superior - Invetigaciones
650 4 _aInvestigacióncientífica - Metodología - Talleres
650 4 _aProyectos de Investigación
650 4 _aTutoría(enseñanza)
942 _2ddc
_cBK
999 _c21292
_d21292